| 000 -CABECERA |
| Longitud fija campo de control |
00707nam a22001697a 4500 |
| 003 - IDENTIFICADOR DEL NÚMERO DE CONTROL |
| Identificador del número de control |
OSt |
| 005 - FECHA Y HORA DE LA ÚLTIMA TRANSACCIÓN |
| Fecha y hora de la última transacción |
20140223034659.0 |
| 008 - CÓDIGOS DE INFORMACIÓN DE LONGITUD FIJA |
| Códigos de información de longitud fija |
140223s2013 uy ||||| |||| 00| 0 spa d |
| 020 ## - NÚMERO INTERNACIONAL NORMALIZADO PARA LIBROS |
| Número Internacional Normalizado para Libros (ISBN) |
9789233041899 |
| 040 ## - FUENTE DE LA CATALOGACIÓN |
| Lengua de catalogación |
cat |
| Centro transcriptor |
CDMR |
| 100 1# - PUNTO DE ACCESO PRINCIPAL-NOMBRE DE PERSONA |
| 9 (RLIN) |
4541 |
| Nombre de persona |
Hunter, Mark Lee |
| 245 13 - MENCIÓN DE TÍTULO |
| Título |
La investigación a partir de historias |
| Resto del título |
: manual para periodistas de investigación |
| Mención de responsabilidad, etc. |
Mark Lee Hunter |
| Medio |
[recurs electrònic] |
| 260 ## - PUBLICACIÓN, DISTRIBUCIÓN, ETC. (PIE DE IMPRENTA) |
| Lugar de publicación, distribución, etc. |
Montevideo |
| Nombre del editor, distribuidor, etc. |
Oficina regional de ciencias de la UNESCO para América Latina y el Caribe |
| Fecha de publicación, distribución, etc. |
2013 |
| 650 ## - PUNTO DE ACCESO ADICIONAL DE MATERIA - TÉRMINO DE MATERIA |
| 9 (RLIN) |
3353 |
| Término de materia o nombre geográfico como elemento inicial |
Periodisme d'investigació |
| 856 ## - LOCALIZACIÓN Y ACCESO ELECTRÓNICO |
| Identificador Uniforme del Recurso (URI) |
<a href="http://unesdoc.unesco.org/images/0022/002264/226457S.pdf">http://unesdoc.unesco.org/images/0022/002264/226457S.pdf</a> |
| Texto del enlace |
La investigación a partir de historias |
| Nota pública |
(Accés lliure) |
| 942 ## - ENTRADA DE ELEMENTOS AGREGADOS (KOHA) |
| Fuente de clasificaión o esquema |
|
| Koha [por defecto] tipo de item |
Recursos en línia |